Trump vs. Biden - Statistics

General Stats
  • This quiz has been taken 279 times
    110 since last reset
  • The average score is 14 of 17
Answer Stats
Question Answer % Correct
Assassination attempt was made on them while at a rally in Pennsylvania Trump
100%
Was previously Vice President before becoming president themself Biden
98%
Ran as a Republican in Presidential race Trump
98%
Is currently President Trump
97%
Was previously a businessman and actor before becoming President Trump
97%
Ran against Hillary Clinton while running for President in 2016 Trump
94%
Ran as a democrat during the Presidential race Biden
93%
Was a senator for 36 years Biden
90%
Was the third president to be impeached in US history Trump
87%
Built a wall when President Trump
85%
Called the President of Ukraine, “Putin”, while introducing him in his speech Biden
84%
When they were President the US withdrew from Afghanistan Biden
79%
Was born in the 1940's Both
78%
Has 5 kids Trump
77%
Has 4 kids Biden
57%
Ran in the 2024 election Trump
41%
Found in possession of classified documents in place of residence that was not the White House. Both
39%
No matching quizzes found
Score Distribution
Percent of People with Each Score
Percentile by Number Answered
Your Score History
You have not taken this quiz since the last reset